000 00875nam a22003017a 4500
003 CHAP
005 20220329135631.0
008 971013s1963 r 00010 d
010 _a39680
011 _a40652
035 _a44778
040 _cCHAP
082 _a575.1
_bM66 1963
100 0 0 _aMoore, John A.
_978076
245 _aHeredity and development
250 _a(2 ed.)
260 _aNew York :
_bOxford Univ. Press,
_c1963
300 _a245 p.
_b: ilus
590 _aBATCH-UPD
_b10
_c20130110
_lUCH01
_h1831
590 _aBATCH-UPD
_b10
_c20130410
_lUCH01
_h1203
590 _aBATCH-UPD
_b10
_c20130914
_lUCH01
_h1335
590 _aCONVERSION
_b10
_c20130109
_lUCH01
_h1322
650 1 4 _aEvolución.
_939007
650 1 4 _aHerencia.
_953725
901 _aBK
942 _cLIBRO
949 _a575.1 M66 1963
_bBC
_cLIBRO
_d33724000427654
_eLIBRO
_h14393
_i44778
_mD
_si
_t25.00
999 _c39680
_d39680